| 000 | 00585nam a2200193 a 4500 | ||
|---|---|---|---|
| 003 | DO-SdBNP | ||
| 005 | 20210921141133.0 | ||
| 008 | 110429s 2018 dr 000 spa d | ||
| 040 |
_aDO-SdBNP _bspa _cBNPHU |
||
| 082 | 4 | _aBNPHU | |
| 100 | 1 |
_aPaulino, Juana M. _979986 |
|
| 245 | 1 | 0 |
_a¿Por donde entraron los ladrones ? _cJuana M. Paulino |
| 260 |
_cSanto Domingo : _aPublicaciones Libertad, _b2018. |
||
| 300 |
_a93 p. ; _c18 cm. |
||
| 500 | _aIncluye datos biográficos de la autora en la contracubierta | ||
| 590 | _aInventariado, 2021/BT | ||
| 910 | _aBtavárez | ||
| 942 |
_2ddc _cLBS1 |
||
| 999 |
_c29598 _d29598 |
||